Bandmitglieder Quiz - Deutsche Bands 2 - Statistiken

Allgemein
  • Dieses Quiz wurde 795 mal gespielt
  • Das Durchschnittsergebnis liegt bei 6 aus 22
Antwortstatistiken
Mitglieder Bands % Korrekt
Annen, May, Kantereit AnnenMayKantereit
83%
Boning, Dittrich Die Doofen
60%
Holofernes, Tourette, Roy, Tavassol Wir sind Helden
47%
Lee, Jazzy, Ricky Tic Tac Toe
45%
Dokter Renz, König Boris, Björn Beton Fettes Brot
44%
Tarek, Nico, Maxim, DJ Craft K.I.Z.
43%
Strate, Hünecke, Hansen, Sinn Revolverheld
37%
Reiser, Lanrue, Sichtermann, Seidel Ton Steine Scherben
33%
Brummer, Schumann, Brummer, Israel, Marschk Kraftklub
32%
Briegel, Pfetzing, Triebel, Herde, Römer Juli
31%
Remmler, Krawinkel, Behrens Trio
31%
Krautmacher, Schöner, Streifling, Vergoossen, Braun, Schläger Höhner
30%
Grütering (Kryptik Joe), Dürre (Porky), Besser (DJ Phono), Knauf Deichkind
24%
Brugger, Weber, Linhof Sportfreunde Stiller
19%
Forster, Jaehn Eff
17%
Frank, Fischer, Puffpaff, Sump, Astrup Echt
16%
Zauner, Strobel, Kunzi, Grünwald, Hatzke, Wilhelm Münchener Freiheit
14%
Gold, Brocker, Goodes, Kiersch, Merl Alphaville
10%
Wingenfelder, Wingenfelder, Stein-Schneider, Schumann, Drnek, Decker Fury in the Slaughterhouse
10%
Dero Goi, Andreas Crap, Robert Flux Oomph!
6%
Rehbein, Dausch, Greger, Schmidt Milky Chance
5%
Räuber, Makolies, Grochau, Pasora, Bauer Polarkreis 18
4%
Keine übereinstimmenden Quizze gefunden
Verteilung der Resultate
Anzahl Personen mit jedem Resultat
Perzentil nach korrekt beantworteten Fragen
Ihre Resultats-Entwicklung
Sie haben dieses Quiz noch nicht gespielt